Balkan Countries Map Quiz - Statistics

General Stats
  • This quiz has been taken 154 times
  • The average score is 10 of 12
Answers on the Map
Answers color-coded by a green-red scale on the quiz's map according to % correct below.
 
Answer Stats
Answer % Correct
Croatia
92%
Greece
92%
Romania
92%
Turkey
90%
Bulgaria
85%
North Macedonia
85%
Slovenia
85%
Bosnia and Herzegovina
84%
Albania
82%
Serbia
81%
Kosovo
79%
Montenegro
79%
No matching quizzes found
Score Distribution
Percent of People with Each Score
Percentile by Number Answered
Your Score History
You have not taken this quiz